[Event "2. Bundesliga West 2010/11"]
[Site "Salzburg"]
[Date "2011.03.13"]
[Round "11"]
[Board "5"]
[White "Maurer, Jochen"]
[Black "Natter, Siegfried"]
[Result "1/2-1/2"]
[WhiteElo "2215"]
[BlackElo "2245"]
[PlyCount "80"]
[EventDate "2010.10.15"]
[EventType "team"]
[EventRounds "11"]
[EventCountry "AUT"]
[WhiteTeam "Hypo Kufstein"]
[BlackTeam "SC Absam"]

1.e4 c5 2.Nf3 e6 3.d4 cxd4 4.Nxd4 a6 5.Bd3 Bc5 6.Nb3 Be7 7.Be3 d6 8.N1d2 Nd7
9.f4 b6 10.Qe2 Bb7 11.O-O Ngf6 12.a4 O-O 13.Kh1 e5 14.Bg1 Qc7 15.a5 b5 16.c4 b4
17.Ra4 exf4 18.Nd4 Nc5 19.Rxb4 Rab8 20.Nf5 Nxd3 21.Bb6 Qd7 22.Qxd3 Nxe4 23.Rxf4
Bg5 24.Nxe4 Bxf4 25.Qh3 Qe6 26.Qg4 g6 27.Qxf4 gxf5 28.Nc3 f6 29.h3 Qe5 30.Qd2
Be4 31.Nd5 Qg3 32.Nf4 Rbe8 33.Bf2 Qg5 34.Rb3 Kh8 35.Rg3 Qh6 36.Ng6+ Qxg6 37.Rxg6
hxg6 38.Qh6+ Kg8 39.Qxg6+ Kh8 40.Bd4 Re6 1/2-1/2

[Event "2. Bundesliga West 2010/11"]
[Site "Salzburg"]
[Date "2011.03.13"]
[Round "11"]
[Board "6"]
[White "Gerhold, Michael"]
[Black "Kranewitter, Norbert"]
[Result "1-0"]
[WhiteElo "2237"]
[BlackElo "2092"]
[PlyCount "73"]
[EventDate "2010.10.15"]
[EventType "team"]
[EventRounds "11"]
[EventCountry "AUT"]
[WhiteTeam "SC Absam"]
[BlackTeam "Hypo Kufstein"]

1.Nf3 d5 2.d4 Nf6 3.c4 c6 4.Nc3 dxc4 5.a4 Bf5 6.e3 e6 7.Bxc4 Bb4 8.O-O O-O 9.Qe2
Nbd7 10.e4 Bg6 11.Bd3 Qa5 12.Nd2 Rfe8 13.Nc4 Qc7 14.Bg5 a6 15.Rfc1 h6 16.Bh4 Nh5
17.f3 Nf4 18.Qe3 Nxd3 19.Qxd3 f6 20.Bg3 e5 21.dxe5 fxe5 22.Rd1 Bc5+ 23.Kh1 Bd4
24.Qxd4 exd4 25.Bxc7 dxc3 26.Rxd7 b5 27.Ne5 cxb2 28.Rb1 bxa4 29.Rxb2 Re6 30.Nxg6
Rxg6 31.h4 c5 32.Be5 Re8 33.f4 a3 34.Ra2 Rg3 35.Kh2 Rb3 36.Rxg7+ Kf8 37.Rc7 1-0

[Event "2. Bundesliga West 2010/11"]
[Site "Salzburg"]
[Date "2011.03.13"]
[Round "11"]
[Board "1"]
[White "Sergeev, Vladimir"]
[Black "Bayer, Bernhard"]
[Result "1-0"]
[WhiteElo "2486"]
[BlackElo "2393"]
[PlyCount "29"]
[EventDate "2010.10.15"]
[EventType "team"]
[EventRounds "11"]
[EventCountry "AUT"]
[WhiteTeam "Dornbirn"]
[BlackTeam "Schwaz"]

1.g3 e5 2.Bg2 Nf6 3.c4 d5 4.cxd5 Nxd5 5.Nf3 Nc6 6.O-O Nb6 7.d3 Be7 8.Nbd2 O-O
9.a3 a5 10.b3 f5 11.Bb2 Bf6 12.Rc1 Re8 13.Qc2 Re7 14.e3 Qe8 15.Rfd1 {Rest nicht
lesbar} 1-0

[Event "2. Bundesliga West 2010/11"]
[Site "Salzburg"]
[Date "2011.03.13"]
[Round "11"]
[Board "3"]
[White "Klocker, Benedikt"]
[Black "Blaas, Hansjoerg"]
[Result "1/2-1/2"]
[WhiteElo "2211"]
[BlackElo "2240"]
[PlyCount "36"]
[EventDate "2010.10.15"]
[EventType "team"]
[EventRounds "11"]
[EventCountry "AUT"]
[WhiteTeam "Dornbirn"]
[BlackTeam "Schwaz"]

1.d4 d5 2.c4 c6 3.Nf3 e6 4.e3 Nf6 5.Bd3 Bd6 6.O-O Nbd7 7.Nc3 O-O 8.Qc2 Re8 9.b3
h6 10.Bb2 e5 11.cxd5 Nxd5 12.Nxd5 cxd5 13.dxe5 Nxe5 14.Be2 Qf6 15.Nxe5 Bxe5
16.Bxe5 Qxe5 17.Rad1 Bf5 18.Bd3 Rac8 1/2-1/2

[Event "2. Bundesliga West 2010/11"]
[Site "Salzburg"]
[Date "2011.03.13"]
[Round "11"]
[Board "4"]
[White "Riedl, Johannes"]
[Black "Novkovic, Julia"]
[Result "1-0"]
[WhiteElo "2138"]
[BlackElo "2157"]
[PlyCount "79"]
[EventDate "2010.10.15"]
[EventType "team"]
[EventRounds "11"]
[EventCountry "AUT"]
[WhiteTeam "Schwaz"]
[BlackTeam "Dornbirn"]

1.d4 Nf6 2.Nc3 d5 3.Bg5 c6 4.e3 Bf5 5.Bxf6 exf6 6.Bd3 Bc8 7.Qf3 Be7 8.Nge2 Na6
9.a3 Nc7 10.O-O Ne6 11.e4 dxe4 12.Qxe4 g6 13.b4 f5 14.Qe3 O-O 15.Rad1 f4 16.Qf3
Bd6 17.Ne4 Bc7 18.Bc4 Ng5 19.Nxg5 Qxg5 20.h3 Bf5 21.Bd3 Be6 22.c4 Rad8 23.b5 h5
24.Be4 Bxc4 25.bxc6 Rfe8 26.d5 f5 27.d6 fxe4 28.Qc3 Bxe2 29.dxc7 bxc6 30.Rxd8
Rxd8 31.cxd8=Q+ Qxd8 32.Rb1 f3 33.Qxc6 e3 34.Qxg6+ Kf8 35.Qh6+ Kg8 36.Qe6+ Kf8
37.Qxe3 Qc7 38.Qh6+ Kg8 39.Qxh5 a6 40.Qd5+ 1-0

[Event "2. Bundesliga West 2010/11"]
[Site "Salzburg"]
[Date "2011.03.13"]
[Round "11"]
[Board "5"]
[White "Kanonier, Clemens"]
[Black "Kondrak, Christof"]
[Result "1-0"]
[WhiteElo "2122"]
[BlackElo "2147"]
[PlyCount "67"]
[EventDate "2010.10.15"]
[EventType "team"]
[EventRounds "11"]
[EventCountry "AUT"]
[WhiteTeam "Dornbirn"]
[BlackTeam "Schwaz"]

1.e4 g6 2.d4 Bg7 3.Be3 b6 4.Nd2 Bb7 5.g4 h6 6.Bg2 e6 7.Ne2 Ne7 8.Ng3 d5 9.e5 Nd7
10.f4 c5 11.c3 Qc7 12.O-O O-O-O 13.f5 gxf5 14.gxf5 Nxf5 15.Nxf5 exf5 16.Bf4 Qc6
17.Nc4 Nf8 18.Nd6+ Rxd6 19.exd6 Ne6 20.Qh5 cxd4 21.Qxf7 Qd7 22.Qxd7+ Kxd7 23.Bd2
dxc3 24.bxc3 Rf8 25.Rac1 Ba6 26.Rfd1 Bc4 27.Be3 f4 28.Bf2 Kxd6 29.Bxd5 Bxd5
30.c4 Nc7 31.cxd5 Nxd5 32.Rd3 Rf5 33.Rc8 Rf7 34.Rd8+ 1-0

[Event "2. Bundesliga West 2010/11"]
[Site "Salzburg"]
[Date "2011.03.13"]
[Round "11"]
[Board "6"]
[White "Streiter, Gerhard"]
[Black "Kessler, Luca"]
[Result "0-1"]
[WhiteElo "2004"]
[BlackElo "2097"]
[PlyCount "104"]
[EventDate "2010.10.15"]
[EventType "team"]
[EventRounds "11"]
[EventCountry "AUT"]
[WhiteTeam "Schwaz"]
[BlackTeam "Dornbirn"]

1.e4 c5 2.Nf3 d6 3.Bb5+ Bd7 4.Bxd7+ Qxd7 5.O-O Nf6 6.Qe2 Nc6 7.c3 e6 8.d4 cxd4
9.cxd4 d5 10.e5 Ng8 11.Be3 Nge7 12.Nbd2 h5 13.a3 Nf5 14.b4 Be7 15.Nb3 b6 16.b5
Nd8 17.Rfc1 O-O 18.a4 Nb7 19.a5 Nxa5 20.Nxa5 bxa5 21.Rxa5 Rfc8 22.Rca1 Rcb8
23.h3 Bd8 24.Ra6 Rxb5 25.Qa2 Rb7 26.g4 Nxe3 27.fxe3 Qb5 28.gxh5 Qd3 29.Qf2 Rc8
30.Ne1 Qe4 31.Rxa7 Bg5 32.Ng2 Rbc7 33.Kh2 Kh7 34.Rxc7 Rxc7 35.Qg3 Bh6 36.Rf1 Qd3
37.Rf2 Qd1 38.Qf3 Qb1 39.Kg3 Rc3 40.Qxf7 Bxe3 41.Nxe3 Rxe3+ 42.Kh2 Re1 43.Qg6+
Qxg6 44.hxg6+ Kxg6 45.Kg3 Re3+ 46.Kg2 Rd3 47.Rf4 Kg5 48.Rg4+ Kf5 49.Kh2 g5
50.Kg2 Re3 51.Kh2 Re4 52.Kg3 Rxg4+ 0-1

[Event "2. Bundesliga West 2010/11"]
[Site "Salzburg"]
[Date "2011.03.13"]
[Round "11"]
[Board "1"]
[White "Gaertner, Guntram"]
[Black "Deglmann, Ludwig"]
[Result "1/2-1/2"]
[WhiteElo "2329"]
[BlackElo "2402"]
[PlyCount "38"]
[EventDate "2010.10.15"]
[EventType "team"]
[EventRounds "11"]
[EventCountry "AUT"]
[WhiteTeam "Hohenems II"]
[BlackTeam "Sparkasse Jenbach 2"]

1.d4 e6 2.c4 b6 3.Nf3 Bb7 4.Nc3 Bb4 5.Qb3 Qe7 6.a3 Bxc3+ 7.Qxc3 Nf6 8.g3 d6
9.Bg2 Nbd7 10.O-O O-O 11.b4 Ne4 12.Qc2 f5 13.Ne1 c5 14.dxc5 dxc5 15.Nd3 cxb4
16.axb4 Rfc8 17.Bb2 a5 18.bxa5 Rxa5 19.Rxa5 bxa5 1/2-1/2

[Event "2. Bundesliga West 2010/11"]
[Site "Salzburg"]
[Date "2011.03.13"]
[Round "11"]
[Board "2"]
[White "Reich, Thomas"]
[Black "Atlas, Dimitry"]
[Result "1/2-1/2"]
[WhiteElo "2350"]
[BlackElo "2344"]
[PlyCount "61"]
[EventDate "2010.10.15"]
[EventType "team"]
[EventRounds "11"]
[EventCountry "AUT"]
[WhiteTeam "Sparkasse Jenbach 2"]
[BlackTeam "Hohenems II"]

1.d4 d5 2.Bf4 c5 3.e3 Nc6 4.c3 Nf6 5.Nd2 e6 6.Ngf3 Bd6 7.Bg3 Qe7 8.Ne5 O-O 9.Bd3
Ne8 10.Qb1 g6 11.Bb5 Qc7 12.Nef3 a6 13.Bxc6 Qxc6 14.O-O Bxg3 15.hxg3 b5 16.Nb3
c4 17.Nc5 f6 18.b4 cxb3 19.axb3 e5 20.b4 e4 21.Nd2 f5 22.f4 Nf6 23.Kf2 Ra7
24.Rh1 Rg7 25.Rh3 g5 26.Nf1 Rg6 27.Nh2 h5 28.Ra3 Kg7 29.Qa2 Ne8 30.Nf1 Qd6
31.Ke1 1/2-1/2

[Event "2. Bundesliga West 2010/11"]
[Site "Salzburg"]
[Date "2011.03.13"]
[Round "11"]
[Board "3"]
[White "Burschowsky, Matthias"]
[Black "Micheli, Carlo"]
[Result "1/2-1/2"]
[WhiteElo "2208"]
[BlackElo "2263"]
[PlyCount "103"]
[EventDate "2010.10.15"]
[EventType "team"]
[EventRounds "11"]
[EventCountry "AUT"]
[WhiteTeam "Hohenems II"]
[BlackTeam "Sparkasse Jenbach 2"]

1.c4 d6 2.Nc3 e5 3.g3 Nc6 4.Bg2 g6 5.Rb1 Bg7 6.b4 f5 7.b5 Nd4 8.e3 Ne6 9.d3 Nf6
10.Nge2 h5 11.h4 O-O 12.Nd5 Ng4 13.d4 Bd7 14.Ba3 Be8 15.dxe5 Bxe5 16.Ndf4 Bxf4
17.Nxf4 Nxf4 18.gxf4 Bf7 19.Bxb7 Bxc4 20.Bd5+ Bxd5 21.Qxd5+ Kh7 22.Rc1 Qe7
23.Bb2 a6 24.Qb7 Rfc8 25.b6 Rab8 26.Qxa6 c5 27.a4 Re8 28.Rh3 Qe4 29.Kf1 Ra8
30.Qc4 Qxc4+ 31.Rxc4 Reb8 32.e4 Rxb6 33.Bc3 fxe4 34.Rxe4 d5 35.Re7+ Kg8 36.Rg7+
Kf8 37.Rh7 Rxa4 38.f5 Rf4 39.f3 Ne3+ 40.Ke2 Nxf5 41.Ra7 Rb3 42.Bf6 Rc4 43.Kd2
Ne3 44.Ra2 d4 45.Rh1 Nd5 46.Bg5 Rxf3 47.Ra7 Rcc3 48.Rha1 Rf2+ 49.Ke1 Rf7 50.Ra8+
Kg7 51.Rd8 Nc7 52.Rd6 1/2-1/2

[Event "2. Bundesliga West 2010/11"]
[Site "Salzburg"]
[Date "2011.03.13"]
[Round "11"]
[Board "4"]
[White "Hoellrigl, Wilfried"]
[Black "Medwed, Kai"]
[Result "1-0"]
[WhiteElo "2188"]
[BlackElo "1964"]
[PlyCount "81"]
[EventDate "2010.10.15"]
[EventType "team"]
[EventRounds "11"]
[EventCountry "AUT"]
[WhiteTeam "Sparkasse Jenbach 2"]
[BlackTeam "Hohenems II"]

1.e4 e6 2.d4 d5 3.e5 c5 4.c3 Nc6 5.Nf3 Bd7 6.a3 Nge7 7.b4 cxd4 8.cxd4 Nc8 9.Bd3
Be7 10.O-O Nb6 11.Nbd2 Rc8 12.Nb3 Nc4 13.Qe2 O-O 14.Bf4 a6 15.Nc5 b6 16.Nb3 Na7
17.Rfc1 Ba4 18.Nbd2 Nxd2 19.Bxd2 Bb5 20.a4 Bxd3 21.Qxd3 Rxc1+ 22.Rxc1 b5 23.axb5
axb5 24.Qc2 Qd7 25.Qc7 Rd8 26.Kf1 Kf8 27.Qb6 Rc8 28.Ra1 Rc7 29.Qb8+ Bd8 30.Ra6
Nc8 31.Ra8 Qc6 32.g3 Ke8 33.Bg5 Bxg5 34.Nxg5 h6 35.Nf3 Ke7 36.Ra5 Rb7 37.Qa8
Qc4+ 38.Kg2 f6 39.Ra1 f5 40.Qa3 Qe2 41.Re1 1-0

[Event "2. Bundesliga West 2010/11"]
[Site "Salzburg"]
[Date "2011.03.13"]
[Round "11"]
[Board "5"]
[White "Nussbaumer, Leon"]
[Black "Schnegg, Daniel"]
[Result "1-0"]
[WhiteElo "1894"]
[BlackElo "2199"]
[PlyCount "41"]
[EventDate "2010.10.15"]
[EventType "team"]
[EventRounds "11"]
[EventCountry "AUT"]
[WhiteTeam "Hohenems II"]
[BlackTeam "Sparkasse Jenbach 2"]

1.e4 c5 2.Nf3 d6 3.d4 cxd4 4.Nxd4 Nf6 5.Nc3 a6 6.Bg5 e6 7.f4 Nbd7 8.Qf3 Qc7
9.O-O-O b5 10.Bd3 Bb7 11.g4 Qb6 12.Bxf6 gxf6 13.Qe3 O-O-O 14.Rhe1 h5 15.g5 fxg5
16.fxg5 Bg7 17.Bf1 Nc5 18.Bg2 Kb8 19.h4 f6 20.Nxe6 Rdg8 21.b4 1-0

[Event "2. Bundesliga West 2010/11"]
[Site "Salzburg"]
[Date "2011.03.13"]
[Round "11"]
[Board "6"]
[White "Heinrich, Thomas"]
[Black "Nussbaumer, Laslo"]
[Result "1-0"]
[WhiteElo "2137"]
[BlackElo "1807"]
[PlyCount "91"]
[EventDate "2010.10.15"]
[EventType "team"]
[EventRounds "11"]
[EventCountry "AUT"]
[WhiteTeam "Sparkasse Jenbach 2"]
[BlackTeam "Hohenems II"]

1.e4 c5 2.Nf3 e6 3.c3 d5 4.exd5 Qxd5 5.d4 Nc6 6.Be3 cxd4 7.Nxd4 Nxd4 8.Qxd4 Qxd4
9.Bxd4 Bd7 10.Be2 Bc6 11.Nd2 f6 12.Bf3 Bxf3 13.Nxf3 e5 14.Be3 Ne7 15.Bc5 Nc6
16.Bxf8 Rxf8 17.O-O-O Ke7 18.Nd2 Rad8 19.Ne4 f5 20.Ng3 g6 21.f3 Kf6 22.h4 h6
23.Kc2 Rxd1 24.Rxd1 Rd8 25.Rxd8 Nxd8 26.Kd3 Ne6 27.Ne2 g5 28.hxg5+ Kxg5 29.g3
e4+ 30.Ke3 exf3 31.Kxf3 h5 32.Nd4 Nf8 33.Nb5 Ng6 34.Nxa7 Ne5+ 35.Kg2 Kg4 36.Nb5
Nd3 37.b4 Ne1+ 38.Kf1 Kxg3 39.Kxe1 f4 40.Nd4 f3 41.a4 Kg2 42.Nxf3 Kxf3 43.Kf1
Ke4 44.a5 Kd5 45.b5 Kd6 46.c4 1-0

[Event "2. Bundesliga West 2010/11"]
[Site "Salzburg"]
[Date "2011.03.13"]
[Round "11"]
[Board "1"]
[White "Zelcic, Robert"]
[Black "Hommeles, Theo"]
[Result "1-0"]
[WhiteElo "2554"]
[BlackElo "2426"]
[PlyCount "83"]
[EventDate "2010.10.15"]
[EventType "team"]
[EventRounds "11"]
[EventCountry "AUT"]
[WhiteTeam "Schwarzach"]
[BlackTeam "Bregenz"]

1.e4 g6 2.d4 Bg7 3.Nc3 d6 4.Nf3 c6 5.a4 Nf6 6.Be2 O-O 7.O-O Nbd7 8.Be3 e5 9.dxe5
Nxe5 10.h3 Qc7 11.Nd2 Re8 12.f4 Ned7 13.Bf3 Nxe4 14.Ndxe4 d5 15.Bd4 dxe4 16.Nxe4
f5 17.Nc3 Bxd4+ 18.Qxd4 Qb6 19.Rad1 Nf8 20.Qxb6 axb6 21.Rd4 Be6 22.Rfd1 Kf7
23.b4 Rac8 24.b5 Rc7 25.Ra1 Rec8 26.a5 bxa5 27.Rxa5 Kf6 28.bxc6 bxc6 29.Ra6 Ke7
30.Rd1 Bd7 31.Na4 Be8 32.Nb6 Rb8 33.Re1+ Kd8 34.Nc4 Bd7 35.Ne5 Rcb7 36.Kh2 Rb6
37.Ra3 Kc7 38.Rd3 Be8 39.Nc4 Ra6 40.Re7+ Bd7 41.Ne5 Rd8 42.Rf7 1-0

[Event "2. Bundesliga West 2010/11"]
[Site "Salzburg"]
[Date "2011.03.13"]
[Round "11"]
[Board "2"]
[White "Weindl, Alfred"]
[Black "Krstic, Uros"]
[Result "0-1"]
[WhiteElo "2374"]
[BlackElo "2410"]
[PlyCount "94"]
[EventDate "2010.10.15"]
[EventType "team"]
[EventRounds "11"]
[EventCountry "AUT"]
[WhiteTeam "Bregenz"]
[BlackTeam "Schwarzach"]

1.d4 d6 2.Nc3 Nd7 3.e4 e5 4.Nf3 Be7 5.dxe5 Nxe5 6.Nxe5 dxe5 7.Qxd8+ Bxd8 8.Bc4
c6 9.a4 a5 10.Be3 Nf6 11.O-O Nd7 12.Rad1 h6 13.Rd3 Bg5 14.Rfd1 Bxe3 15.Rxe3 Nc5
16.Rg3 g6 17.Re3 Ke7 18.Kf1 g5 19.b3 h5 20.Ne2 h4 21.Nc1 Bd7 22.Nd3 Nxd3
23.Rexd3 Be8 24.Rd6 Rg8 25.Be2 Rg6 26.R6d3 Rg7 27.Bg4 Rg6 28.Bf5 Rf6 29.Ke2 Rb8
30.c4 b5 31.cxb5 cxb5 32.Rd5 bxa4 33.Rxe5+ Kf8 34.bxa4 Bxa4 35.Ra1 Rb5 36.Rxb5
Bxb5+ 37.Kf3 Ra6 38.Kg4 f6 39.Ra3 Ke7 40.e5 a4 41.exf6+ Kxf6 42.Bc2 Bd7+ 43.Kh5
Be8+ 44.Kg4 Bd7+ 45.Kh5 Ra5 46.f4 h3 47.gxh3 gxf4+ 0-1

[Event "2. Bundesliga West 2010/11"]
[Site "Salzburg"]
[Date "2011.03.13"]
[Round "11"]
[Board "3"]
[White "Hecht, Hans-Joachim"]
[Black "Herbrechtsmeier, Christof"]
[Result "1/2-1/2"]
[WhiteElo "2374"]
[BlackElo "2288"]
[PlyCount "60"]
[EventDate "2010.10.15"]
[EventType "team"]
[EventRounds "11"]
[EventCountry "AUT"]
[WhiteTeam "Schwarzach"]
[BlackTeam "Bregenz"]

1.Nf3 Nf6 2.c4 g6 3.b4 Bg7 4.Bb2 O-O 5.e3 d6 6.d3 e5 7.Qc2 Re8 8.Nc3 Bf5 9.Rd1
a5 10.b5 Nbd7 11.e4 Bg4 12.Be2 Bxf3 13.Bxf3 Nc5 14.O-O Ne6 15.Nd5 Nd7 16.Bg4
Ndc5 17.Bxe6 Nxe6 18.Rb1 c6 19.bxc6 bxc6 20.Ne3 Qc7 21.Rfe1 Reb8 22.Bc3 Bf6
23.g3 Bd8 24.Rxb8 Rxb8 25.Rb1 Rxb1+ 26.Qxb1 Qa7 27.Kf1 Bb6 28.Ke2 Bd4 29.Bd2 Bc5
30.Bc3 Bd4 1/2-1/2

[Event "2. Bundesliga West 2010/11"]
[Site "Salzburg"]
[Date "2011.03.13"]
[Round "11"]
[Board "4"]
[White "Poettinger, Harald"]
[Black "Ljubic, Juro"]
[Result "1/2-1/2"]
[WhiteElo "2202"]
[BlackElo "2186"]
[PlyCount "36"]
[EventDate "2010.10.15"]
[EventType "team"]
[EventRounds "11"]
[EventCountry "AUT"]
[WhiteTeam "Bregenz"]
[BlackTeam "Schwarzach"]

1.c4 e5 2.g3 d6 3.Bg2 Be7 4.Nc3 c6 5.e4 Be6 6.b3 Qd7 7.d4 exd4 8.Qxd4 Bf6 9.Qd2
Na6 10.Bb2 O-O-O 11.O-O-O Ne7 12.Nge2 Bh3 13.Bxh3 Qxh3 14.Nf4 Qh6 15.Nfe2 Qh5
16.Nf4 Qh6 17.Nfe2 Qh5 18.Nf4 Qh6 1/2-1/2

[Event "2. Bundesliga West 2010/11"]
[Site "Salzburg"]
[Date "2011.03.13"]
[Round "11"]
[Board "5"]
[White "Stoeckl, Norbert"]
[Black "Bezler, Rainer"]
[Result "0-1"]
[WhiteElo "2053"]
[BlackElo "2269"]
[PlyCount "104"]
[EventDate "2010.10.15"]
[EventType "team"]
[EventRounds "11"]
[EventCountry "AUT"]
[WhiteTeam "Schwarzach"]
[BlackTeam "Bregenz"]

1.e4 d6 2.d4 Nf6 3.Nc3 e5 4.Nf3 Nbd7 5.Bc4 Be7 6.O-O O-O 7.Qe2 c6 8.a4 h6 9.Bd2
Re8 10.Rae1 Qc7 11.Ba2 Nf8 12.Nd1 Ng6 13.c3 Bg4 14.h3 Bd7 15.Nh2 Bf8 16.Qf3 Qa5
17.Bxh6 Qxa4 18.Bb1 exd4 19.Bg5 Nh7 20.Bd2 Be6 21.cxd4 Qxd4 22.Bc3 Qc5 23.Ne3
Qg5 24.Nhg4 Rad8 25.g3 Ne5 26.Qd1 Nxg4 27.hxg4 Qb5 28.Bd3 Qb6 29.Qb1 Be7 30.Kg2
Nf6 31.f3 d5 32.exd5 cxd5 33.Nf5 Bxf5 34.Bxf5 Bb4 35.g5 Rxe1 36.Rxe1 Ne8 37.g6
Bxc3 38.gxf7+ Kxf7 39.Be6+ Ke7 40.Re2 Bf6 41.Bxd5+ Kd7 42.Qf5+ Kc7 43.Qf4+ Nd6
44.g4 Kb8 45.g5 Bd4 46.b3 a6 47.Re7 Ka7 48.Qg4 Qc5 49.Qe6 Qc2+ 50.Kg3 Qf2+
51.Kg4 Qh2 52.b4 Rh8 0-1

[Event "2. Bundesliga West 2010/11"]
[Site "Salzburg"]
[Date "2011.03.13"]
[Round "11"]
[Board "6"]
[White "Mira, Helene"]
[Black "Pichler, Andreas"]
[Result "1-0"]
[WhiteElo "2133"]
[BlackElo "1985"]
[PlyCount "62"]
[EventDate "2010.10.15"]
[EventType "team"]
[EventRounds "11"]
[EventCountry "AUT"]
[WhiteTeam "Bregenz"]
[BlackTeam "Schwarzach"]

1.Nf3 Nf6 2.c4 g6 3.Nc3 Bg7 4.e4 d6 5.d4 O-O 6.Be2 e5 7.d5 Na6 8.h3 c6 9.Be3 Nh5
10.g3 Nf6 11.Nd2 Ne8 12.g4 c5 13.a3 Nac7 14.b4 f5 15.gxf5 gxf5 16.exf5 e4
17.Ndxe4 Bxf5 18.Rc1 Na6 19.bxc5 Qa5 20.Qd2 dxc5 21.Ng3 Bg6 22.Nb5 Qb6 23.h4 Be5
24.h5 Bf7 25.Nf5 Kh8 26.Nh6 Nac7 27.Ng4 Bg7 28.h6 Bf6 29.Nxf6 Nxf6 30.Nxc7 Qxc7
31.Qc3 Qe7 1-0

[Event "2. Bundesliga West 2010/11"]
[Site "Salzburg"]
[Date "2011.03.13"]
[Round "11"]
[Board "1"]
[White "Medvegy, Zoltan"]
[Black "Eisenbeiser, Amadeus"]
[Result "1-0"]
[WhiteElo "2522"]
[BlackElo "2397"]
[PlyCount "123"]
[EventDate "2010.10.15"]
[EventType "team"]
[EventRounds "11"]
[EventCountry "AUT"]
[WhiteTeam "ATSV Ranshofen"]
[BlackTeam "Goetzis"]

1.c4 e5 2.Nc3 Bb4 3.Nd5 a5 4.a3 Bc5 5.e3 Nf6 6.d4 Nxd5 7.cxd5 exd4 8.exd4 Be7
9.Bd3 b6 10.Ne2 Ba6 11.O-O O-O 12.Be3 f5 13.Rc1 Bd6 14.Bf4 Bxf4 15.Nxf4 Qf6
16.Ne2 f4 17.f3 Qd6 18.Nc3 Qf6 19.Bxa6 Nxa6 20.Re1 Kh8 21.Ne4 Qf7 22.d6 cxd6
23.Nxd6 Qg6 24.Ne4 d5 25.Nf2 Rfe8 26.Rxe8+ Rxe8 27.Qd3 Nc7 28.Qxg6 hxg6 29.Nh3
Nb5 30.Nxf4 Nxd4 31.Kf1 Nb3 32.Rd1 Rc8 33.Rxd5 Rc1+ 34.Kf2 Rc2+ 35.Kg3 Rxb2
36.Rb5 a4 37.Nxg6+ Kh7 38.Nf8+ Kg8 39.Nd7 Ra2 40.Nxb6 Nd4 41.Rb4 Ne2+ 42.Kg4 Nc3
43.Nxa4 Rxg2+ 44.Kh3 Rf2 45.Kg3 Rc2 46.Nxc3 Rxc3 47.a4 Ra3 48.Rb8+ Kh7 49.Ra8
Ra1 50.a5 Rg1+ 51.Kf2 Ra1 52.a6 Ra2+ 53.Kg3 Ra4 54.h4 Kg6 55.a7 Kh7 56.h5 Ra6
57.f4 Ra1 58.f5 Ra4 59.h6 Ra3+ 60.Kg4 Ra1 61.hxg7 Kxg7 62.f6+ 1-0

[Event "2. Bundesliga West 2010/11"]
[Site "Salzburg"]
[Date "2011.03.13"]
[Round "11"]
[Board "2"]
[White "Schloetzer, Waldemar"]
[Black "Menacher, Manfred"]
[Result "0-1"]
[WhiteElo "2282"]
[BlackElo "2290"]
[PlyCount "108"]
[EventDate "2010.10.15"]
[EventType "team"]
[EventRounds "11"]
[EventCountry "AUT"]
[WhiteTeam "Goetzis"]
[BlackTeam "ATSV Ranshofen"]

1.d4 d5 2.c4 c6 3.Nf3 Nf6 4.e3 Bf5 5.Nc3 e6 6.Nh4 Be4 7.f3 Bg6 8.g3 Nbd7 9.Bd2
Bd6 10.Nxg6 hxg6 11.Kf2 dxc4 12.Bxc4 Nb6 13.Be2 e5 14.dxe5 Bxe5 15.Qc2 Qe7 16.a4
Rd8 17.a5 Nc8 18.a6 b6 19.Rad1 Nd6 20.Kg2 Qe6 21.Bd3 Nc4 22.Bc1 Nd6 23.Ne2 Nf5
24.Bxf5 gxf5 25.Rxd8+ Kxd8 26.Rd1+ Kc7 27.Bd2 f4 28.Ng1 fxg3 29.hxg3 g5 30.Bc3
Nd5 31.Bd2 Qh6 32.Qf5 f6 33.Nh3 Rd8 34.e4 Ne3+ 35.Bxe3 Rxd1 36.Bxg5 Qg7 37.Nf4
Qd7 38.Ne6+ Kd6 39.f4 Qxe6 40.fxe5+ fxe5 41.Qf8+ Kc7 42.Qa8 c5 43.b3 Qc8
44.Qxa7+ Kc6 45.Qf7 Qxa6 46.Qe6+ Rd6 47.Qe8+ Rd7 48.Qe6+ Kc7 49.Qxe5+ Kb7 50.Qf5
Qe2+ 51.Kh3 Rd1 52.Qf7+ Ka6 53.Qc4+ Qxc4 54.bxc4 Re1 0-1

[Event "2. Bundesliga West 2010/11"]
[Site "Salzburg"]
[Date "2011.03.13"]
[Round "11"]
[Board "3"]
[White "Dovzik, Juri"]
[Black "Krassowizkij, Jaroslaw"]
[Result "1/2-1/2"]
[WhiteElo "2381"]
[BlackElo "2244"]
[PlyCount "88"]
[EventDate "2010.10.15"]
[EventType "team"]
[EventRounds "11"]
[EventCountry "AUT"]
[WhiteTeam "ATSV Ranshofen"]
[BlackTeam "Goetzis"]

1.e4 c5 2.c3 Nf6 3.e5 Nd5 4.Nf3 Nc6 5.Bc4 Nb6 6.Bb3 c4 7.Bc2 Qc7 8.Qe2 g5 9.h3
Bg7 10.O-O Nxe5 11.Nxg5 d5 12.a4 Bd7 13.a5 Nc8 14.Re1 Nd6 15.d4 cxd3 16.Bxd3
O-O-O 17.Na3 f6 18.Nf3 Nxd3 19.Qxd3 e5 20.Qxd5 Bc6 21.Qc5 Rhg8 22.Nh4 f5 23.Nc4
Bf8 24.b4 Be7 25.Nxd6+ Rxd6 26.Nxf5 Rxg2+ 27.Kf1 Rdg6 28.Nxe7+ Qxe7 29.Rxe5 Qf6
30.Rf5 Rg1+ 31.Ke2 Qe6+ 32.Re5 Qf7 33.Rf5 Rf6 34.Rxf6 Qxf6 35.Kd3 Qg6+ 36.Kd2
Rg5 37.Qf8+ Be8 38.c4 Rf5 39.Qh8 Rxf2+ 40.Kc3 Qg3+ 41.Kd4 Qd6+ 42.Kc3 Rf1 43.Qd4
Rf3+ 44.Be3 Qxd4+ 1/2-1/2

[Event "2. Bundesliga West 2010/11"]
[Site "Salzburg"]
[Date "2011.03.13"]
[Round "11"]
[Board "4"]
[White "Schmidlechner, Alexander"]
[Black "Sadilek, Peter"]
[Result "0-1"]
[WhiteElo "2170"]
[BlackElo "2213"]
[PlyCount "116"]
[EventDate "2010.10.15"]
[EventType "team"]
[EventRounds "11"]
[EventCountry "AUT"]
[WhiteTeam "Goetzis"]
[BlackTeam "ATSV Ranshofen"]

1.d4 Nf6 2.c4 c6 3.Nf3 d5 4.Nc3 dxc4 5.a4 Bf5 6.Ne5 Nbd7 7.Nxc4 Qc7 8.g3 e5
9.dxe5 Nxe5 10.Bf4 Nfd7 11.Bg2 f6 12.O-O O-O-O 13.Qc1 Nc5 14.Bxe5 fxe5 15.Qe3
Nb3 16.Rad1 Bc5 17.Qxe5 Qxe5 18.Nxe5 Rhe8 19.Nf7 Rxd1 20.Rxd1 Kc7 21.Ng5 h6
22.Nge4 Bb4 23.Bf3 Na5 24.Rd4 Bf8 25.g4 Nb3 26.Rd1 Bg6 27.h4 Na5 28.h5 Bf7
29.Rc1 Kb6 30.Rd1 Nc4 31.Rb1 a5 32.Kg2 g6 33.b3 Ne5 34.hxg6 Nxg6 35.Nd2 Bb4
36.Nce4 Ne5 37.Rd1 Rg8 38.Kh3 Be6 39.Nf6 Rg6 40.Nfe4 h5 41.Kh4 hxg4 42.Bg2 g3
43.Nc4+ Nxc4 44.bxc4 Be7+ 45.Kh5 Bf7 46.Rb1+ Kc7 47.f4 Rg8+ 48.Kh6 Bf8+ 49.Kh7
Rg7+ 50.Kh8 Rg8+ 51.Kh7 Rg4 52.Rh1 Bg6+ 53.Kh8 Bg7+ 54.Kg8 Bd4 55.Ng5 Bf5 56.e4
Be6+ 57.Kf8 Rxf4+ 58.Ke8 Bd7+ 0-1

[Event "2. Bundesliga West 2010/11"]
[Site "Salzburg"]
[Date "2011.03.13"]
[Round "11"]
[Board "5"]
[White "Ager, Josef"]
[Black "Kranz, Armin"]
[Result "1/2-1/2"]
[WhiteElo "2213"]
[BlackElo "2104"]
[PlyCount "65"]
[EventDate "2010.10.15"]
[EventType "team"]
[EventRounds "11"]
[EventCountry "AUT"]
[WhiteTeam "ATSV Ranshofen"]
[BlackTeam "Goetzis"]

1.c4 Nf6 2.g3 c5 3.Bg2 e6 4.Nf3 d5 5.O-O Nc6 6.cxd5 exd5 7.d4 Be7 8.Nc3 O-O
9.Bg5 c4 10.Ne5 Be6 11.b3 cxb3 12.axb3 Nb4 13.Qd2 Qb6 14.Na4 Qb5 15.Rfc1 Rfc8
16.Nc3 Qb6 17.h3 a6 18.Be3 Qd8 19.g4 Nd7 20.f4 Nb6 21.f5 Bd7 22.Bf4 Be8 23.Nd1
Rxc1 24.Rxc1 a5 25.Nb2 Rc8 26.Ned3 Nxd3 27.Nxd3 a4 28.bxa4 Rxc1+ 29.Qxc1 Nxa4
30.Bc7 Qd7 31.Nf4 Qc6 32.Qxc6 bxc6 33.Nd3 1/2-1/2

[Event "2. Bundesliga West 2010/11"]
[Site "Salzburg"]
[Date "2011.03.13"]
[Round "11"]
[Board "6"]
[White "Ferk, Martin"]
[Black "Riediger, Martin"]
[Result "0-1"]
[WhiteElo "1980"]
[BlackElo "2252"]
[PlyCount "90"]
[EventDate "2010.10.15"]
[EventType "team"]
[EventRounds "11"]
[EventCountry "AUT"]
[WhiteTeam "Goetzis"]
[BlackTeam "ATSV Ranshofen"]

1.d4 d5 2.c4 e6 3.Nc3 c5 4.cxd5 exd5 5.Nf3 Nc6 6.Bf4 Nf6 7.e3 c4 8.Be2 Bb4 9.O-O
O-O 10.Ne5 Be6 11.Qc2 Qa5 12.Rfc1 Rfc8 13.a4 a6 14.Nxc6 bxc6 15.e4 Bxc3 16.bxc3
Nxe4 17.Bxc4 c5 18.Bd3 cxd4 19.Bxe4 Rxc3 20.Bxh7+ Kh8 21.Qd1 Kxh7 22.Qxd4 Rxc1+
23.Rxc1 Rc8 24.Qd3+ Kg8 25.Rxc8+ Bxc8 26.h3 Qxa4 27.Qxd5 Qxf4 28.Qd8+ Kh7
29.Qxc8 a5 30.Qc5 Qb4 31.Qf5+ Kg8 32.Qc8+ Qf8 33.Qd7 Qa8 34.Qa4 Qd5 35.Qe8+ Kh7
36.Qa4 g6 37.Qh4+ Kg7 38.Qa4 Qc5 39.Qa1+ Kg8 40.Qa4 Qc3 41.Qe8+ Kg7 42.Qe4 Qa1+
43.Kh2 a4 44.Qa8 a3 45.g3 Qb2 0-1